| 000 | 00560nam a2200217 a 4500 | ||
|---|---|---|---|
| 999 |
_c4515 _d4515 |
||
| 001 | 4515 | ||
| 003 | BD-JhCC | ||
| 005 | 20171128101846.0 | ||
| 008 | 171128s19581967e a|||| || | 001 0 eng d | ||
| 035 | _a(BD-JhCC)4515 | ||
| 040 |
_aBD-JhCC _dBD-JhCC |
||
| 041 | _aeng | ||
| 082 |
_a954 _bSMI 1967 |
||
| 100 | _aSmith, Vincent A. | ||
| 245 |
_aThe Oxford History of India / _cVincent A. Smith, |
||
| 260 |
_aLondon : _bAt The Clarendon Press, _c1967. |
||
| 300 |
_a898 p. : _c19 cm. |
||
| 504 | _aBibliography | ||
| 650 |
_aHistory _zIndia |
||
| 942 |
_2ddc _cBK |
||